|
|
|
|
| LEADER |
01450nam a22003732a 4500 |
| 001 |
000243398 |
| 003 |
CZ BrMZK |
| 005 |
20150311151534.0 |
| 008 |
950101s1873 xr f cze d |
| 015 |
|
|
|a cnb001524978
|
| 035 |
|
|
|a (OCoLC)85138478
|
| 040 |
|
|
|a ABA001
|b cze
|
| 072 |
|
7 |
|a 373.2/.3
|x Předškolní a primární výchova a vzdělávání
|2 Konspekt
|9 22
|
| 080 |
|
|
|a 373.2
|2 MRF
|
| 080 |
|
|
|a (049)
|2 MRF
|
| 100 |
1 |
|
|a Komenský, Jan Amos,
|d 1592-1670
|7 jk01061444
|4 aut
|
| 245 |
1 |
0 |
|a Jana Amosa Komenského Informatorium školy mateřské /
|c k novému vydání upravil Josef Kořínek
|
| 246 |
3 |
0 |
|a Informatorium školy mateřské
|
| 260 |
|
|
|a V Praze :
|b Fr. A. Urbánek,
|c 1873
|
| 300 |
|
|
|a 98 s. ;
|c 19 cm
|
| 490 |
1 |
|
|a Ženský svět ;
|v sv. 3
|
| 500 |
|
|
|a Na frontispisu portrét autora
|
| 650 |
0 |
7 |
|a předškolní výchova
|7 ph124887
|2 czenas
|
| 655 |
|
7 |
|a pojednání
|7 fd133056
|2 czenas
|
| 700 |
1 |
|
|a Kořínek, Josef,
|d 1829-1892
|7 jk01061893
|4 edt
|
| 830 |
|
0 |
|a Ženský svět
|0 s
|
| 910 |
|
|
|a BOA001
|b Kn-0074.688
|b PK-I-0005.940
|
| 920 |
|
|
|a 000037517
|
| 990 |
|
|
|a BK
|
| 993 |
|
|
|a Y
|
| 991 |
|
|
|b 201410
|
| 996 |
6 |
|
|b 2619054756
|c Kn-0074.688
|l MZK
|r Sklad / do 1 hodiny
|n 0
|w 000243398
|u 000020
|a 1
|e BOA001
|j MZK50
|s P
|
| 996 |
6 |
|
|b 2619871615
|c Kn-0074.688
|l MZK
|r Sklad / do 1 hodiny
|n 0
|w 000243398
|u 000010
|a 1
|e BOA001
|j MZK50
|s P
|
| 996 |
6 |
|
|b 3119996081
|c PK-I-0005.940
|l MZK
|r Sklad / do 1 hodiny
|n 8
|w 000243398
|u 000030
|a 1
|e BOA001
|j MZK50
|s P
|